Jeziora w Polsce - nagła śmierć - Statystyki

Ogólne statystyki
  • Ten quiz został rozwiązany 14 033 razy
    2 768 od ostatniego zresetowania
  • Średni wynik to 11 z 16
Answers on the Grid
Answers color-coded by a green-red scale on the quiz's grid according to % correct below.
Śniardwy
Jamno
Szmaragdowe
Genewskie
Patos
Drawsko
Mamry
Roś
Ładoga
Erie
Łebsko
Aralskie
Wostok
Gopło
Jeziorak
Niasa
Rudolfa
Hańcza
Bukowo
Bajkał
Huron
Wiktorii
Tanganika
Dąbie
Lubie
Onega
Wigry
Niegocin
Bodeńskie
Rajgrodzkie
 
Statystyki odpowiedzi
Odpowiedź % Poprawnych
Śniardwy
98%
Mamry
82%
Drawsko
76%
Łebsko
75%
Hańcza
73%
Gopło
72%
Wigry
72%
Jamno
69%
Dąbie
66%
Jeziorak
65%
Niegocin
64%
Bukowo
57%
Lubie
51%
Rajgrodzkie
51%
Roś
49%
Szmaragdowe
40%
Nie znaleziono quizów pasujących do podanych kryteriów
Rozkład punktacji
Procent ludzi z każdym wynikiem
Percentyl według liczby udzielonych odpowiedzi
Twoja historia wyników
Nie rozwiązałeś tego quizu od ostatniego zresetowania